| 000 | 00578nam a22001817a 4500 | ||
|---|---|---|---|
| 005 | 20250801120020.0 | ||
| 008 | 250801b |||||||| |||| 00| 0 eng d | ||
| 082 |
_a617.601 _bJOH-T |
||
| 100 | _aJohn, Joseph | ||
| 245 |
_aTextbook of Preventive and Community Dentistry-1: _bpublic health dentistry / _cby John, Joseph |
||
| 250 | _a8th ed. | ||
| 260 |
_aIndia : _bCBS Publishers & Distributors Pvt Ltd ; _c2025 . |
||
| 300 |
_axiii, 450 p. : _bill ; _c25 cm . |
||
| 500 | _aPrinted in Pakistan. | ||
| 650 | _aMedical / Dentistry | ||
| 700 | _aJohn, Joseph | ||
| 999 |
_c37005 _d37005 |
||